000 00548nam a2200181 i 4500
001 183905
003 ES-MaACL
005 20251011063200.0
007 t|
008 141120s1908 cu ||||1| spa d
100 1 _aRodríguez García, José Antonio,
_d1864-1934
_998540
245 1 0 _aDe enseñanza /
_cpor José A. Rodríguez García.
260 _aHabana :
_b[s.n.],
_c1908 (
_fImprenta de Cerdeira)
300 _a32 p. ;
_c21 cm.
650 7 _aEducación
_2embne
_912073
852 _aES-MaACL
_jT-1140-F-6
999 _c183905
_d183905